[Event "AUTO-ADV-4881"]
[Site "http://www.queenalice.com/game.php?id=1869886"]
[Date "2026.2.26"]
[Round "2"]
[White "Zero007"]
[Black "miguel7"]
[Result "0-1"]
[WhiteElo "2151"]
[BlackElo "1858"]

1. e4 e5 2. Nf3 d6 3. d4 Nc6 4. dxe5 Bg4 5. exd6 Bxd6 6. Bc4 h6 7. h3 Be6 8.
Bxe6 fxe6 9. O-O g5 10. Nd4 Nxd4 11. Qh5+ Kd7 12. Qd1 e5 13. f4 gxf4 0-1

[Event "AUTO-ADV-4881"]
[Site "http://www.queenalice.com/game.php?id=1869887"]
[Date "2026.2.26"]
[Round "2"]
[White "miguel7"]
[Black "Zero007"]
[Result "0-1"]
[WhiteElo "1823"]
[BlackElo "2155"]

1. e4 e5 2. Bc4 Nf6 3. Nc3 Bc5 4. f4 d6 5. Nf3 O-O 6. Nd5 Nxd5 7. Bxd5 c6 8. Bb3
Be6 9. h3 exf4 10. d4 Bb6 11. Bxf4 Na6 12. Bxe6 fxe6 13. Bg5 Qd7 14. Be3 e5 15.
dxe5 Bxe3 16. Qd3 Bc5 17. exd6 Qxd6 18. Qxd6 Bxd6 19. O-O-O Bf4+ 20. Kb1 Rad8
21. a3 Nc7 22. g4 Ne6 23. h4 Kf7 24. Rdf1 Ke7 25. e5 Nd4 26. Rd1 Nxf3 0-1

[Event "AUTO-ADV-4881"]
[Site "http://www.queenalice.com/game.php?id=1869888"]
[Date "2026.2.26"]
[Round "2"]
[White "Zero007"]
[Black "Capixaba789"]
[Result "1-0"]
[WhiteElo "2154"]
[BlackElo "1946"]

1. e4 e5 2. Nf3 d6 3. d4 exd4 4. Nxd4 Nf6 5. Bc4 Be7 6. O-O O-O 7. Nc3 Bg4 8.
Be2 Bxe2 9. Qxe2 c5 10. Nf5 Nbd7 11. Nxe7+ Qxe7 12. Qf3 Ne5 13. Qe2 Rfe8 14. Kh1
a6 15. Bg5 Qe6 16. f3 b5 17. Bxf6 Qxf6 18. Nd5 Qd8 19. b3 b4 20. a3 a5 21. axb4
cxb4 22. Qd2 h6 23. Rfd1 Qc8 24. Nb6 Qe6 25. Nxa8 Rxa8 26. Qxd6 Qe8 27. Qd5 1-0

[Event "AUTO-ADV-4881"]
[Site "http://www.queenalice.com/game.php?id=1869889"]
[Date "2026.2.26"]
[Round "2"]
[White "Capixaba789"]
[Black "Zero007"]
[Result "0-1"]
[WhiteElo "1921"]
[BlackElo "2152"]

1. d4 d5 2. Nc3 Nf6 3. Nf3 Nc6 4. e3 a6 5. Bd3 Bg4 6. O-O e5 7. dxe5 Nxe5 8. Be2
Bd6 9. Kh1 Qd7 10. Nxd5 Nxf3 11. Nxf6+ gxf6 12. Bxf3 h5 13. Re1 O-O-O 14. Qd4
Bxf3 15. gxf3 Qh3 16. f4 Qf3+ 17. Kg1 Qh3 18. Qe4 Rhg8+ 19. Kh1 f5 20. Qd5 c6
0-1

[Event "AUTO-ADV-4877"]
[Site "http://www.queenalice.com/game.php?id=1870051"]
[Date "2026.3.3"]
[Round "2"]
[White "Zero007"]
[Black "Tonto"]
[Result "1-0"]
[WhiteElo "2141"]
[BlackElo "2051"]

1. e4 e5 2. Nf3 d6 3. d4 exd4 4. Nxd4 c5 5. Nf3 Be7 6. Bc4 Bg4 7. Qd5 Bh5 8.
Qxh5 Qa5+ 9. Bd2 Qb6 10. Qxf7+ Kd8 11. Bc3 Nc6 12. Bxg7 Nh6 13. Bxh6 Re8 14. O-O
Qxb2 15. Bb3 Qf6 16. Qxf6 Bxf6 17. Bg5 Bxg5 18. Nxg5 Re7 19. Nc3 a6 20. f3 h6
21. Nh3 Nd4 22. Nd5 Rg7 23. Nhf4 b5 24. c3 Nxb3 25. Ne6+ Kd7 26. Nxg7 Nxa1 27.
Nb6+ 1-0

[Event "AUTO-ADV-4877"]
[Site "http://www.queenalice.com/game.php?id=1870052"]
[Date "2026.3.3"]
[Round "2"]
[White "Tonto"]
[Black "Zero007"]
[Result "1-0"]
[WhiteElo "2028"]
[BlackElo "2143"]

1. e4 e5 2. Nf3 Nc6 3. Be2 Nf6 4. d3 d5 5. exd5 Nxd5 6. c4 Bb4+ 7. Bd2 Bxd2+ 8.
Nbxd2 Nf4 9. O-O O-O 10. Ne4 Nxe2+ 11. Qxe2 Bg4 12. h3 Nd4 13. Qd1 Nxf3+ 14.
gxf3 Bxh3 15. Re1 Re8 16. Ng3 Qg5 17. Kh2 Be6 18. Re4 Qh6+ 19. Kg1 g6 20. Qe2
Bd7 21. Qe3 f5 22. Qxh6 1-0

[Event "AUTO-ADV-4876"]
[Site "http://www.queenalice.com/game.php?id=1871023"]
[Date "2026.3.26"]
[Round "2"]
[White "yasseryack"]
[Black "Zero007"]
[Result "0-1"]
[WhiteElo "1938"]
[BlackElo "2149"]

1. d4 d5 2. Nf3 Nf6 3. e3 e6 4. Bd3 Bd6 5. O-O O-O 6. Bd2 c5 7. b3 b6 8. Nc3 Bb7
9. Ne5 Nbd7 10. Nb5 Be7 11. Nxd7 Qxd7 12. Nc3 Bc6 13. a4 a6 14. Ne2 b5 15. axb5
axb5 16. Rxa8 Rxa8 17. Ng3 c4 18. bxc4 bxc4 19. Be2 Ra2 20. Qb1 Qa7 21. Bc3 h6
22. f4 Bd6 23. Bf3 Qa3 24. Ne2 Ba4 25. Qe1 Bxc2 26. Nc1 Bd3 27. Nxa2 Bxf1 28.
Kxf1 Qxa2 29. h3 Ba3 30. g4 Bb2 31. g5 Bxc3 32. Qxc3 Qb1+ 33. Kg2 hxg5 34. fxg5
Ne4 35. Bxe4 Qxe4+ 36. Kg3 Qd3 37. Qe1 c3 38. h4 Qd2 39. Qg1 c2 40. Kf4 c1=Q 41.
Qg3 Qxd4+ 42. Kf3 Qcxe3+ 0-1

[Event "AUTO-ADV-4876"]
[Site "http://www.queenalice.com/game.php?id=1871024"]
[Date "2026.3.26"]
[Round "2"]
[White "Zero007"]
[Black "yasseryack"]
[Result "0-1"]
[WhiteElo "2169"]
[BlackElo "1912"]

1. e4 d6 2. d4 c6 3. c4 Qc7 4. Nc3 Nf6 5. Bd3 e5 6. d5 Be7 7. Nge2 O-O 8. O-O
Bg4 9. h3 Bxe2 10. Qxe2 Nbd7 11. b3 Rad8 12. Be3 a6 13. a4 cxd5 14. Nxd5 Nxd5
15. exd5 Bf6 16. Rab1 Rfe8 17. f3 Bh4 18. Kh2 Nf6 19. g3 Bxg3+ 20. Kxg3 e4 21.
Bc2 Qd7 22. f4 Qf5 23. Kh2 h6 24. Rg1 Kh7 25. Rg2 Nh5 26. Qg4 Qxg4 27. hxg4 Nf6
28. g5 hxg5 29. Rxg5 Rh8 30. Rbg1 Kg8+ 0-1

[Event "AUTO-OPEN-4610"]
[Site "http://www.queenalice.com/game.php?id=1871189"]
[Date "2026.3.29"]
[Round "2"]
[White "Zero007"]
[Black "Cerberus"]
[Result "0-1"]
[WhiteElo "2171"]
[BlackElo "2709"]

1. e4 e5 2. Nf3 Nc6 3. Bb5 a6 4. Ba4 Nf6 5. O-O Be7 6. Re1 b5 7. Bb3 O-O 8. a4
b4 9. d4 d6 10. d5 Na5 11. Nbd2 Nxb3 12. Nxb3 a5 13. Bg5 c6 14. dxc6 Qc7 15. h3
Ra6 16. Nbd2 Rxc6 0-1

[Event "AUTO-OPEN-4610"]
[Site "http://www.queenalice.com/game.php?id=1871190"]
[Date "2026.3.29"]
[Round "2"]
[White "Cerberus"]
[Black "Zero007"]
[Result "1-0"]
[WhiteElo "2714"]
[BlackElo "2150"]

1. e4 e5 2. f4 exf4 3. Bc4 Qh4+ 4. Kf1 d6 5. Nc3 Nf6 6. Nf3 Qh5 7. d4 Bg4 8. Be2
g5 9. e5 dxe5 10. dxe5 Nfd7 11. Nd5 Na6 12. Bxa6 1-0

[Event "AUTO-OPEN-4610"]
[Site "http://www.queenalice.com/game.php?id=1871191"]
[Date "2026.3.29"]
[Round "2"]
[White "Zero007"]
[Black "cerenzo72"]
[Result "0-1"]
[WhiteElo "2183"]
[BlackElo "2109"]

1. e4 e5 2. Nf3 d6 3. d4 exd4 4. Nxd4 Nf6 5. Nc3 Be7 6. Bc4 O-O 7. O-O c5 8. Nf5
Bxf5 9. exf5 Nc6 10. g4 Ne5 11. g5 Nxc4 12. gxf6 Bxf6 13. Nd5 Be5 14. c3 Qh4 15.
f4 Bf6 16. Rf3 Qg4+ 17. Kh1 Bh4 18. f6 Rfe8 19. Rf1 Qxd1 20. Rxd1 Re1+ 21. Rxe1
Bxe1 22. b3 Nb6 23. Ne7+ Kf8 24. fxg7+ Kxe7 25. Bb2 Bh4 26. Rg1 Rg8 27. c4 Bf6
28. Re1+ Be5 29. fxe5 Nd7 30. exd6+ Kxd6 31. h4 h5 32. Rg1 f6 33. Rg6 Ke6 34.
Rh6 Rxg7 35. Rxh5 b6 36. Kh2 Ne5 37. Bxe5 fxe5 38. Kh3 e4 39. Rg5 Rf7 40. Rg3
Ke5 41. Kg4 Kd4 0-1

[Event "AUTO-OPEN-4610"]
[Site "http://www.queenalice.com/game.php?id=1871192"]
[Date "2026.3.29"]
[Round "2"]
[White "cerenzo72"]
[Black "Zero007"]
[Result "0-1"]
[WhiteElo "2147"]
[BlackElo "2149"]

1. c4 Nf6 2. Nf3 c5 3. Nc3 Nc6 4. d4 cxd4 5. Nxd4 e6 6. e4 Bb4 7. Nxc6 bxc6 8.
Bd3 e5 9. O-O O-O 10. Bg5 h6 11. Bh4 g5 12. Bg3 Qe7 13. h4 g4 14. Qd2 Kg7 15. f4
Nh5 16. Qe3 Bc5 17. Qxc5 Qxc5+ 18. Bf2 Qe7 19. f5 g3 20. Be3 Qxh4 21. Rf3 Qh2+
22. Kf1 Nf4 23. Rxf4 exf4 24. Bg1 Qh4 25. Ne2 Ba6 26. b3 d5 27. exd5 cxd5 28.
Nd4 dxc4 29. bxc4 Rac8 30. Nf3 Qd8 31. Bd4+ Qxd4 32. Nxd4 Rfd8 33. Ne2 Rxd3 34.
Nxf4 Bxc4 35. Nxd3 Bxd3+ 36. Kg1 Rb8 37. Rf1 Bxf1 0-1

[Event "AUTO-OPEN-4606"]
[Site "http://www.queenalice.com/game.php?id=1872112"]
[Date "2026.4.17"]
[Round "3"]
[White "WoodpusherKid"]
[Black "Zero007"]
[Result "1-0"]
[WhiteElo "2706"]
[BlackElo "2158"]

1. c4 c5 2. g3 Nc6 3. Bg2 Nf6 4. Nc3 g6 5. Nf3 Bg7 6. d4 cxd4 7. Nxd4 O-O 8. O-O
Nxd4 9. Qxd4 d6 10. Qd3 Rb8 11. Bf4 b6 12. Rfe1 Re8 13. e4 Bb7 14. h3 Nd7 15. b3
Nc5 16. Qd2 Ne6 17. Be3 Rc8 18. h4 h5 19. Rad1 a6 20. Nd5 Bxd5 21. cxd5 Bc3 22.
Qe2 Bxe1 23. dxe6 Bc3 24. exf7+ Kxf7 25. Bh3 Ra8 26. Qc4+ 1-0

[Event "AUTO-OPEN-4606"]
[Site "http://www.queenalice.com/game.php?id=1872113"]
[Date "2026.4.17"]
[Round "3"]
[White "Zero007"]
[Black "WoodpusherKid"]
[Result "0-1"]
[WhiteElo "2159"]
[BlackElo "2705"]

1. e4 e5 2. Nf3 Nc6 3. Bb5 a6 4. Ba4 Nf6 5. d4 exd4 6. O-O Be7 7. Re1 b5 8. Bb3
d6 9. Bd5 Nxd5 10. exd5 Ne5 11. Nxd4 O-O 12. Nc3 Re8 13. h3 Bb7 14. Bf4 b4 15.
Ne4 Qd7 16. Nf5 Qxf5 17. Bh2 Bh4 0-1